BASIC PROGRAMMING AND COBOL (Record no. 373610)

MARC details
000 -LEADER
fixed length control field 00369nam a2200145Ia 4500
008 - FIXED-LENGTH DATA ELEMENTS--GENERAL INFORMATION
fixed length control field 100122s9999 xx 000 0 und d
082 ## - DEWEY DECIMAL CLASSIFICATION NUMBER
Item number 45051
Classification number 1.642
100 ## - MAIN ENTRY--PERSONAL NAME
Personal name MASANI MINOO
245 ## - TITLE STATEMENT
Title BASIC PROGRAMMING AND COBOL
260 ## - PUBLICATION, DISTRIBUTION, ETC. (IMPRINT)
Name of publisher, distributor, etc SHETH
Date of publication, distribution, etc 1986
300 ## - PHYSICAL DESCRIPTION
Extent 211
630 ## - SUBJECT ADDED ENTRY--UNIFORM TITLE
Uniform title BASIC PROGRAMMING AND COBOL
730 ## - ADDED ENTRY--UNIFORM TITLE
Uniform title BASIC PROGRAMMING AND COBOL
942 ## - ADDED ENTRY ELEMENTS (KOHA)
Koha item type Book
Holdings
Withdrawn status Lost status Damaged status Not for loan Home library Current library Date acquired Cost, normal purchase price Total Checkouts Full call number Barcode Date last seen Cost, replacement price Price effective from Koha item type Public note
        S.V. Pathak Library, Vile Parle S.V. Pathak Library, Vile Parle 03/26/1991 30.00   45051 SVPPARLE-45051 01/25/2010 30.00 01/25/2010 Book ", , General, NA"